[Event "CZE-chT2B 2223"]
[Site "Czech Republic"]
[Date "2023.03.26"]
[Round "11.1"]
[White "Zvara, Petr"]
[Black "Tichy, Stepan"]
[Result "0-1"]
[WhiteElo "2355"]
[BlackElo "2243"]
[PlyCount "102"]
[EventDate "2022.10.16"]
[EventType "team-tourn"]
[EventRounds "11"]
[EventCountry "CZE"]
[SourceTitle "EXT 2024"]
[Source "ChessBase"]
[SourceDate "2023.10.10"]
[SourceVersion "1"]
[SourceVersionDate "2023.10.10"]
[SourceQuality "1"]
[WhiteTeam "Bohemians"]
[BlackTeam "Karlovy Vary Tietz"]
[WhiteTeamCountry "CZE"]
[BlackTeamCountry "CZE"]

1. e4 e6 2. d4 d5 3. exd5 exd5 4. Nf3 Bd6 5. c4 dxc4 6. Bxc4 Nf6 7. 0-0 0-0 8. h3 Nc6 9. Nc3 h6 10. Re1 Bf5 11. Ne5 Bxe5 12. dxe5 Qxd1 13. Nxd1 Nd7 14. f4 Nb6 15. Bb3 Nd4 16. Be3 Nxb3 17. axb3 Be6 18. Ra3 Nd5 19. g4 Rfd8 20. f5 Bd7 21. Bd2 Bc6 22. Nf2 a6 23. Raa1 Nb6 24. Ba5 Rd5 25. Bc3 Rb5 26. Rad1 Nd5 27. Bd4 Rxb3 28. e6 Nf4 29. Kh2 fxe6 30. Be5 Nd5 31. fxe6 Rf3 32. Bg3 Re8 33. Re5 Ne3 34. Re1 Nc4 35. Rf5 Nd2 36. Rd1 Rxf5 37. gxf5 Nf3+ 38. Kg2 Nd4+ 39. Kh2 Nxf5 40. Bxc7 Rxe6 41. Rd2 Ne3 42. Rd8+ Kh7 43. Kg3 Nf1+ 44. Kh4 Be8 45. Kg4 Ne3+ 46. Kf4 Bc6 47. Be5 g5+ 48. Kxe3 Rxe5+ 49. Kd4 Re2 50. Nd3 Bb5 51. Rb8 Rd2 0-1

[Event "CZE-chT2B 2223"]
[Site "Czech Republic"]
[Date "2023.01.22"]
[Round "7.1"]
[White "Slampa, Jan"]
[Black "Tichy, Stepan"]
[Result "0-1"]
[WhiteElo "2216"]
[BlackElo "2239"]
[PlyCount "194"]
[EventDate "2022.10.16"]
[EventType "team-tourn"]
[EventRounds "11"]
[EventCountry "CZE"]
[SourceTitle "EXT 2024"]
[Source "ChessBase"]
[SourceDate "2023.10.10"]
[SourceVersion "1"]
[SourceVersionDate "2023.10.10"]
[SourceQuality "1"]
[WhiteTeam "Udlice"]
[BlackTeam "Karlovy Vary Tietz"]
[WhiteTeamCountry "CZE"]
[BlackTeamCountry "CZE"]

1. d4 e6 2. c4 Nf6 3. Nc3 Bb4 4. Qc2 0-0 5. a3 Bxc3+ 6. Qxc3 b6 7. Bg5 Ba6 8. e3 d6 9. Bd3 Nbd7 10. Nf3 c5 11. 0-0 Rc8 12. Qc2 h6 13. Bxf6 Qxf6 14. Qa4 Nb8 15. dxc5 dxc5 16. Qc2 Bb7 17. Nd2 Rfd8 18. Rad1 Rc7 19. Ne4 Qe7 20. Ng3 Rcd7 21. Rd2 Nc6 22. f4 f5 23. Rfd1 g6 24. Be2 Rxd2 25. Rxd2 Rxd2 26. Qxd2 Nd8 27. Nh1 Nf7 28. Nf2 Qd6 29. Qxd6 Nxd6 30. b3 Kg7 31. Bf3 Bxf3 32. gxf3 Nb7 33. Nd3 Na5 34. Nc1 Kf6 35. Kf2 g5 36. fxg5+ Kxg5 37. Kg3 e5 38. Kh3 f4 39. e4 Nc6 40. Nd3 Kf6 41. b4 cxb4 42. axb4 a5 43. b5 Nd4 44. Nb2 Nxf3 45. c5 Ng5+ 46. Kg2 f3+ 47. Kf1 Nxe4 48. Na4 Ke7 49. c6 Nd6 50. Nc3 Kd8 51. Kf2 e4 52. Ke3 Kc8 53. Kf2 Kb8 54. Ke3 Ka7 55. Kf2 a4 56. Nxa4 Nxb5 57. Ke3 Nd6 58. Nc3 b5 59. Nd5 Ka6 60. Kf2 Ka5 61. Ke1 b4 62. c7 b3 63. Kd2 Nc8 64. Kc1 Kb5 65. Nc3+ Kc4 66. Nxe4 Kd3 67. Ng3 f2 68. Kb2 h5 69. h4 Kc4 70. Nf1 Kb4 71. Ne3 Nd6 72. Nd5+ Ka4 73. Ne3 Nc8 74. Nf1 Kb4 75. Ne3 Nb6 76. Nf1 Kc4 77. Ne3+ Kd3 78. Nf1 Ke2 79. Ng3+ Ke1 80. Kxb3 f1Q 81. Nxf1 Kxf1 82. Kc2 Ke2 83. Kc1 Nc8 84. Kc2 Nd6 85. Kc1 Kf3 86. Kd1 Kg4 87. Ke2 Kxh4 88. Kf2 Kg4 89. Kg2 h4 90. Kh2 h3 91. Kg1 Kg3 92. Kh1 Ne4 93. c8Q Nf2+ 94. Kg1 h2+ 95. Kf1 h1Q+ 96. Ke2 Qd1+ 97. Ke3 Qd3# 0-1

[Event "CZE-chT2B 2223"]
[Site "Czech Republic"]
[Date "2022.11.06"]
[Round "2.2"]
[White "Tichy, Stepan"]
[Black "Sochor, Jiri"]
[Result "1-0"]
[WhiteElo "2221"]
[BlackElo "2149"]
[PlyCount "93"]
[EventDate "2022.10.16"]
[EventType "team-tourn"]
[EventRounds "11"]
[EventCountry "CZE"]
[SourceTitle "EXT 2024"]
[Source "ChessBase"]
[SourceDate "2023.10.10"]
[SourceVersion "1"]
[SourceVersionDate "2023.10.10"]
[SourceQuality "1"]
[WhiteTeam "Karlovy Vary Tietz"]
[BlackTeam "Decin"]
[WhiteTeamCountry "CZE"]
[BlackTeamCountry "CZE"]

1. d4 Nf6 2. Nf3 g6 3. Bf4 c5 4. c3 cxd4 5. cxd4 Qb6 6. Qb3 Qxb3 7. axb3 Nc6 8. Nc3 Bg7 9. e4 0-0 10. d5 Nh5 11. Be3 Nb4 12. Kd2 d6 13. Nd4 Nf6 14. f3 Bd7 15. Na2 Nxa2 16. Rxa2 Ne8 17. Be2 Nc7 18. b4 Rfc8 19. Rc1 Bxd4 20. Bxd4 a6 21. b3 Nb5 22. Bxb5 Bxb5 23. Rac2 Rxc2+ 24. Rxc2 Kf8 25. Rc7 Ke8 26. Bb6 Bd7 27. f4 f6 28. Rxb7 h5 29. Ke3 Rc8 30. Bc7 Ra8 31. e5 fxe5 32. fxe5 dxe5 33. Bxe5 Bf5 34. Kd4 Rd8 35. Rb6 Ra8 36. Bf4 Kd7 37. Rb7+ Ke8 38. Bg5 Bd7 39. Ke5 Rc8 40. Rb6 Kf7 41. Rb7 Ke8 42. Ra7 Rc2 43. Rxa6 Rxg2 44. h4 Bf5 45. Ra8+ Kf7 46. Ra7 Re2+ 47. Kd4 1-0

[Event "Pardubice rapid op 33rd"]
[Site "Pardubice"]
[Date "2022.07.21"]
[Round "4"]
[White "Plat, Vojtech"]
[Black "Tichy, Stepan"]
[Result "1-0"]
[WhiteElo "2554"]
[BlackElo "2207"]
[PlyCount "67"]
[EventDate "2022.07.20"]
[EventType "swiss (rapid)"]
[EventRounds "9"]
[EventCountry "CZE"]
[SourceTitle "CBM 209 Extra"]
[Source "ChessBase"]
[SourceDate "2022.09.30"]
[SourceVersion "1"]
[SourceVersionDate "2022.09.30"]
[SourceQuality "1"]

1. d4 e6 2. e4 d5 3. exd5 exd5 4. Bd3 Nf6 5. Nf3 Be7 6. h3 Nc6 7. c3 0-0 8. 0-0 Ne4 9. c4 Nb4 10. Be2 Bf5 11. a3 Nc6 12. Nc3 Nxc3 13. bxc3 Bf6 14. Bf4 dxc4 15. Bxc4 Na5 16. Ba2 c5 17. Rc1 c4 18. Re1 b5 19. Ne5 Qd5 20. g4 Bg6 21. Nxg6 fxg6 22. Bg3 Rae8 23. Rc2 Nc6 24. Rce2 Kf7 25. Bb1 Qd7 26. Be4 Ne7 27. d5 Bxc3 28. d6 Bxe1 29. Qxe1 g5 30. dxe7 Rxe7 31. Bd5+ Ke8 32. Bc6 Qxc6 33. Rxe7+ Kd8 34. Rxa7 1-0

[Event "Pardubice rapid op 33rd"]
[Site "Pardubice"]
[Date "2022.07.21"]
[Round "7"]
[White "Tichy, Stepan"]
[Black "Vykouk, Jan"]
[Result "0-1"]
[WhiteElo "2207"]
[BlackElo "2476"]
[PlyCount "92"]
[EventDate "2022.07.20"]
[EventType "swiss (rapid)"]
[EventRounds "9"]
[EventCountry "CZE"]
[SourceTitle "CBM 209 Extra"]
[Source "ChessBase"]
[SourceDate "2022.09.30"]
[SourceVersion "1"]
[SourceVersionDate "2022.09.30"]
[SourceQuality "1"]

1. d4 Nf6 2. Nf3 g6 3. Bf4 Bg7 4. c3 0-0 5. h3 d6 6. e3 b6 7. Be2 Bb7 8. 0-0 Nbd7 9. Nbd2 c5 10. a4 cxd4 11. exd4 Nd5 12. Bg3 Bh6 13. Re1 Nf4 14. Nc4 Nxe2+ 15. Qxe2 Ba6 16. d5 Rc8 17. b3 Bg7 18. Rac1 Nc5 19. Qxe7 Qxe7 20. Rxe7 Nxb3 21. Nxd6 Nxc1 22. Nxc8 Rxc8 23. d6 Ne2+ 24. Kh2 Bf8 25. Rxa7 Nxg3 26. fxg3 Bc4 27. d7 Rd8 28. Nd4 Be6 29. Nxe6 fxe6 30. Rb7 Kf7 31. Rxb6 Rxd7 32. Ra6 Rc7 33. Kg1 Rxc3 34. g4 g5 35. Ra8 Rc2 36. g3 Ra2 37. h4 h6 38. a5 e5 39. Ra7+ Ke6 40. Ra6+ Bd6 41. Ra8 e4 42. Rh8 Bxg3 43. Rxh6+ Ke5 44. hxg5 e3 45. Rh8 e2 46. Re8+ Kf4 0-1

[Event "Pardubice Czech op-E 33rd"]
[Site "Pardubice"]
[Date "2022.07.17"]
[Round "7.2"]
[White "Tichy, Stepan"]
[Black "Mica, Marek"]
[Result "1/2-1/2"]
[WhiteElo "2207"]
[BlackElo "2304"]
[PlyCount "58"]
[EventDate "2022.07.14"]
[EventType "team-swiss"]
[EventRounds "7"]
[EventCountry "CZE"]
[SourceTitle "CBM 209 Extra"]
[Source "ChessBase"]
[SourceDate "2022.09.30"]
[SourceVersion "1"]
[SourceVersionDate "2022.09.30"]
[SourceQuality "1"]
[WhiteTeam "Zapadocesky Expres"]
[BlackTeam "Beskydy Chess School J"]
[WhiteTeamCountry "CZE"]
[BlackTeamCountry "CZE"]

1. d4 Nf6 2. Nf3 d5 3. Bf4 e6 4. c3 Bd6 5. Bg3 c5 6. e3 Qc7 7. Bxd6 Qxd6 8. Ne5 0-0 9. Bd3 Nbd7 10. f4 b6 11. Nd2 Bb7 12. 0-0 Rfd8 13. Qf3 Qe7 14. Qh3 Ne4 15. Nxe4 dxe4 16. Bc2 f5 17. Bb3 Nxe5 18. fxe5 g6 19. Rf2 cxd4 20. cxd4 Rac8 21. g4 Bd5 22. Bxd5 Rxd5 23. Qg2 Kh8 24. Kh1 Rd7 25. gxf5 gxf5 26. Rg1 Rdd8 27. Qh3 Rg8 28. Rfg2 Rxg2 29. Qxg2 Qf7 1/2-1/2

[Event "CZE-chT2B 1920"]
[Site "Czech Republic"]
[Date "2020.01.12"]
[Round "6.2"]
[White "Tichy, Stepan"]
[Black "Kozak, Milos"]
[Result "1/2-1/2"]
[WhiteElo "2182"]
[BlackElo "2120"]
[PlyCount "38"]
[EventDate "2019.10.13"]
[EventType "team-tourn"]
[EventRounds "11"]
[EventCountry "CZE"]
[SourceTitle "EXT 2024"]
[Source "ChessBase"]
[SourceDate "2023.10.10"]
[SourceVersion "1"]
[SourceVersionDate "2023.10.10"]
[SourceQuality "1"]
[WhiteTeam "Karlovy Vary Tietz II"]
[BlackTeam "Litomerice"]
[WhiteTeamCountry "CZE"]
[BlackTeamCountry "CZE"]

1. Nf3 d5 2. b3 Bg4 3. Bb2 Bxf3 4. exf3 e6 5. g3 Nf6 6. Bg2 Nbd7 7. f4 g6 8. Qe2 c6 9. 0-0 Bg7 10. Ba3 Bf8 11. Bxf8 Kxf8 12. c4 Kg7 13. d4 a5 14. Nd2 Qb6 15. c5 Qa6 16. Qe3 b6 17. cxb6 Qxb6 18. Rac1 Rhc8 19. Nf3 c5 1/2-1/2

[Event "Pardubice Czech op-B 30th"]
[Site "Pardubice"]
[Date "2019.07.26"]
[Round "8"]
[White "Tichy, Stepan"]
[Black "Gorbatenko, Alexander"]
[Result "1/2-1/2"]
[WhiteElo "2186"]
[BlackElo "2048"]
[PlyCount "70"]
[EventDate "2019.07.19"]
[EventType "swiss"]
[EventRounds "9"]
[EventCountry "CZE"]
[SourceTitle "EXT 2020"]
[Source "ChessBase"]
[SourceDate "2019.10.17"]
[SourceVersion "1"]
[SourceVersionDate "2019.10.17"]
[SourceQuality "1"]

1. d4 Nf6 2. Nf3 d5 3. c3 e6 4. Bf4 c5 5. e3 Nc6 6. Nbd2 Bd6 7. Bg3 0-0 8. Bd3 b6 9. Qe2 Bb7 10. Rd1 h6 11. Bh4 Be7 12. 0-0 Qc7 13. Rfe1 Rfe8 14. a3 e5 15. dxe5 Nxe5 16. Nxe5 Qxe5 17. Ba6 Bc6 18. Bb5 Qe6 19. Bxc6 Qxc6 20. Nf3 Ne4 21. Bxe7 Rxe7 22. Qd3 Nf6 23. h3 a5 24. Re2 b5 25. Nh2 Rd7 26. Ng4 Nxg4 27. hxg4 Rb8 28. b4 axb4 29. axb4 cxb4 30. cxb4 Qc4 31. Qxc4 bxc4 32. Red2 Rxb4 33. Rxd5 Rxd5 34. Rxd5 c3 35. Rc5 Rxg4 1/2-1/2

[Event "Pardubice Czech op-B 30th"]
[Site "Pardubice"]
[Date "2019.07.23"]
[Round "5"]
[White "Van Dam, Niels"]
[Black "Tichy, Stepan"]
[Result "1/2-1/2"]
[WhiteElo "2084"]
[BlackElo "2186"]
[PlyCount "85"]
[EventDate "2019.07.19"]
[EventType "swiss"]
[EventRounds "9"]
[EventCountry "CZE"]
[SourceTitle "EXT 2020"]
[Source "ChessBase"]
[SourceDate "2019.10.17"]
[SourceVersion "1"]
[SourceVersionDate "2019.10.17"]
[SourceQuality "1"]

1. e4 e6 2. d4 d5 3. Nd2 Be7 4. Ngf3 Nf6 5. Bd3 b6 6. c3 c6 7. e5 Nfd7 8. Qe2 c5 9. 0-0 cxd4 10. Nxd4 Nc5 11. Bc2 Ba6 12. Nb5 0-0 13. a4 Nc6 14. b4 Nd7 15. f4 g6 16. Nf3 Re8 17. Be3 f5 18. Bb3 Bb7 19. Nbd4 Nxd4 20. Nxd4 Nf8 21. a5 bxa5 22. Rxa5 Qb8 23. Nf3 Rc8 24. Bd4 Bd8 25. Ra2 Bb6 26. Qd3 Qc7 27. Rfa1 a5 28. bxa5 Rxa5 29. Rxa5 Bxa5 30. Qb5 Bxc3 31. Rd1 Bc6 32. Qc5 Bd7 33. Qa7 Bb5 34. Qxc7 Rxc7 35. Kf2 Bb4 36. Ra1 Be7 37. Ra8 Bc6 38. Ra1 Rb7 39. Bd1 h6 40. Be2 Bb5 41. Bxb5 Rxb5 42. Ra7 Bd8 43. Ke2 1/2-1/2

[Event "Pardubice Czech op-B 30th"]
[Site "Pardubice"]
[Date "2019.07.19"]
[Round "1"]
[White "Werner, Sebastian"]
[Black "Tichy, Stepan"]
[Result "0-1"]
[WhiteElo "1885"]
[BlackElo "2186"]
[PlyCount "80"]
[EventDate "2019.07.19"]
[EventType "swiss"]
[EventRounds "9"]
[EventCountry "CZE"]
[SourceTitle "EXT 2020"]
[Source "ChessBase"]
[SourceDate "2019.10.17"]
[SourceVersion "1"]
[SourceVersionDate "2019.10.17"]
[SourceQuality "1"]

1. e4 e6 2. Nf3 d5 3. e5 c5 4. b4 b6 5. bxc5 bxc5 6. c3 Qa5 7. Bd3 Ba6 8. Qe2 Bxd3 9. Qxd3 Be7 10. 0-0 Nc6 11. Qe2 Rb8 12. d3 h5 13. c4 d4 14. Bd2 Qa4 15. Qe4 Kd7 16. Bg5 Nb4 17. Nbd2 Qc6 18. Rab1 f6 19. exf6 Qxe4 20. Nxe4 gxf6 21. a3 Na6 22. Rxb8 Nxb8 23. Rb1 Na6 24. Bh4 Kc6 25. Kf1 Rh7 26. Ke2 Rg7 27. Bg3 Nh6 28. Bb8 Nxb8 29. Rxb8 Nf5 30. Rh8 h4 31. Nxh4 Nxh4 32. Rxh4 f5 33. Rh6 fxe4 34. Rxe6+ Kd7 35. Ra6 exd3+ 36. Kxd3 Rxg2 37. Rxa7+ Ke6 38. Ra6+ Bd6 39. f3 Rxh2 40. a4 Rf2 0-1

[Event "CZE-chT2B 1819"]
[Site "Czech Republic"]
[Date "2019.03.17"]
[Round "10.3"]
[White "Horak, Jiri"]
[Black "Tichy, Stepan"]
[Result "1-0"]
[WhiteElo "2221"]
[BlackElo "2222"]
[PlyCount "85"]
[EventDate "2018.10.14"]
[EventType "team-tourn"]
[EventRounds "11"]
[EventCountry "CZE"]
[SourceTitle "EXT 2022"]
[Source "ChessBase"]
[SourceDate "2021.10.06"]
[SourceVersion "1"]
[SourceVersionDate "2021.10.06"]
[SourceQuality "1"]
[WhiteTeam "Udlice"]
[BlackTeam "Karlovy Vary Tietz"]
[WhiteTeamCountry "CZE"]
[BlackTeamCountry "CZE"]

1. d4 d6 2. e4 c6 3. Nf3 Bg4 4. Nbd2 Nf6 5. Bd3 Nbd7 6. h3 Bh5 7. g4 Bg6 8. Nh4 e5 9. Nxg6 hxg6 10. c3 exd4 11. cxd4 Qa5 12. Kf1 Be7 13. Kg2 Nf8 14. f4 Ne6 15. Nf3 d5 16. e5 Ne4 17. Qe2 0-0-0 18. Bxe4 dxe4 19. Qxe4 Qb4 20. Rd1 Rd5 21. a3 Qb3 22. Qd3 Nc5 23. Qxb3 Nxb3 24. Rb1 Rhd8 25. Be3 Bc5 26. Ng5 Bxd4 27. Rd3 Nc5 28. Rxd4 Rxd4 29. Nxf7 Nd3 30. Nxd8 Rxd8 31. h4 c5 32. Bxc5 Nxc5 33. Rc1 Rd2+ 34. Kf3 Rxb2 35. Rxc5+ Kd7 36. Rc3 Rh2 37. Kg3 Rd2 38. f5 gxf5 39. gxf5 Rd4 40. h5 b5 41. e6+ Kd6 42. Re3 Ke7 43. h6 1-0

[Event "CZE-chT2B 1819"]
[Site "Czech Republic"]
[Date "2019.02.24"]
[Round "9.2"]
[White "Hons, Tomas"]
[Black "Tichy, Stepan"]
[Result "1-0"]
[WhiteElo "1928"]
[BlackElo "2222"]
[PlyCount "65"]
[EventDate "2018.10.14"]
[EventType "team-tourn"]
[EventRounds "11"]
[EventCountry "CZE"]
[SourceTitle "EXT 2022"]
[Source "ChessBase"]
[SourceDate "2021.10.06"]
[SourceVersion "1"]
[SourceVersionDate "2021.10.06"]
[SourceQuality "1"]
[WhiteTeam "Louny Union"]
[BlackTeam "Karlovy Vary Tietz"]
[WhiteTeamCountry "CZE"]
[BlackTeamCountry "CZE"]

1. e4 e6 2. d4 d5 3. Nd2 a6 4. Bd3 c5 5. dxc5 Bxc5 6. Ngf3 Nc6 7. c3 Nf6 8. Qe2 Ba7 9. 0-0 Qc7 10. h3 h6 11. Re1 Bd7 12. e5 Nh7 13. b4 Ng5 14. Nxg5 hxg5 15. a4 Bb8 16. Nf3 f6 17. exf6 gxf6 18. c4 dxc4 19. Bg6+ Kd8 20. Bb2 e5 21. Qxc4 Rf8 22. Rad1 Ne7 23. Qd3 Nxg6 24. Qxg6 Qc4 25. Rd2 b5 26. Nxg5 fxg5 27. Qxg5+ Ke8 28. Bxe5 Qe6 29. Rde2 Rf5 30. Qg7 Rf7 31. Qh8+ Rf8 32. Qh5+ Qf7 33. Bf6+ 1-0

[Event "CZE-chT2B 1819"]
[Site "Czech Republic"]
[Date "2019.01.13"]
[Round "6.3"]
[White "Pribyl, Jakub"]
[Black "Tichy, Stepan"]
[Result "1/2-1/2"]
[WhiteElo "2113"]
[BlackElo "2222"]
[PlyCount "151"]
[EventDate "2018.10.14"]
[EventType "team-tourn"]
[EventRounds "11"]
[EventCountry "CZE"]
[SourceTitle "EXT 2022"]
[Source "ChessBase"]
[SourceDate "2021.10.06"]
[SourceVersion "1"]
[SourceVersionDate "2021.10.06"]
[SourceQuality "1"]
[WhiteTeam "Teplice"]
[BlackTeam "Karlovy Vary Tietz"]
[WhiteTeamCountry "CZE"]
[BlackTeamCountry "CZE"]

1. e4 e6 2. d4 d5 3. e5 c5 4. c3 Nc6 5. Nf3 Qb6 6. Be2 cxd4 7. cxd4 Nh6 8. Nc3 Nf5 9. Na4 Qa5+ 10. Kf1 b5 11. Nc5 Bxc5 12. dxc5 b4 13. g4 Nfe7 14. Be3 Ba6 15. Bxa6 Qxa6+ 16. Kg2 h5 17. h3 Ng6 18. Qd2 Qc4 19. Kg3 Ngxe5 20. Nxe5 Nxe5 21. f3 Nc6 22. Rhc1 Qb5 23. Bf4 0-0-0 24. Bd6 hxg4 25. hxg4 Rh7 26. Rh1 Rdh8 27. Rxh7 Rxh7 28. Rc1 Rh8 29. Qe3 Qa5 30. Qf4 f6 31. Qe3 Nd8 32. c6 d4 33. Qxd4 Nf7 34. Bxb4 Qc7+ 35. f4 g5 36. Qd7+ Qxd7 37. cxd7+ Kxd7 38. fxg5 Nxg5 39. Rd1+ Kc6 40. Kg2 Rh4 41. Kg3 Rh3+ 42. Kg2 Re3 43. Re1 Rxe1 44. Bxe1 Kd5 45. Kg3 Ke4 46. Bf2 a6 47. Bc5 f5 48. gxf5 exf5 49. b4 Kd5 50. Be7 Ne4+ 51. Kf4 Ke6 52. Bc5 a5 53. Bf8 a4 54. Bg7 Nd6 55. Bb2 Nb5 56. Bg7 Nc7 57. a3 Nd5+ 58. Kf3 Nb6 59. Bb2 Nc4 60. Bc1 Ne5+ 61. Ke2 Kd5 62. Bf4 Nc4 63. Bc1 Ke4 64. b5 Kd5 65. Kf3 Ne5+ 66. Ke3 Kc5 67. b6 Kxb6 68. Kd4 Nd7 69. Kc4 Ne5+ 70. Kd4 Nf3+ 71. Kc4 Ne1 72. Be3+ Kc6 73. Bc1 Nc2 74. Kc3 Ne1 75. Kc4 Nc2 76. Kd3 1/2-1/2

[Event "CZE-chT2B 1819"]
[Site "Czech Republic"]
[Date "2018.12.02"]
[Round "4.3"]
[White "Parizek, Vojtech"]
[Black "Tichy, Stepan"]
[Result "1-0"]
[WhiteElo "2277"]
[BlackElo "2222"]
[PlyCount "51"]
[EventDate "2018.10.14"]
[EventType "team-tourn"]
[EventRounds "11"]
[EventCountry "CZE"]
[SourceTitle "EXT 2022"]
[Source "ChessBase"]
[SourceDate "2021.10.06"]
[SourceVersion "1"]
[SourceVersionDate "2021.10.06"]
[SourceQuality "1"]
[WhiteTeam "Kobylisy"]
[BlackTeam "Karlovy Vary Tietz"]
[WhiteTeamCountry "CZE"]
[BlackTeamCountry "CZE"]

1. e4 e6 2. d4 d5 3. Nc3 Be7 4. Bd3 dxe4 5. Nxe4 Nf6 6. Nf3 Bd7 7. 0-0 Bc6 8. Ng3 Nbd7 9. b3 0-0 10. Bb2 Bxf3 11. Qxf3 c6 12. Rfe1 a5 13. a3 Re8 14. c4 Nf8 15. h4 Bd6 16. Rad1 Bxg3 17. Qxg3 Ng6 18. d5 exd5 19. Rxe8+ Nxe8 20. h5 Nf8 21. cxd5 cxd5 22. Bc4 Qd6 23. Be5 Qh6 24. Rxd5 Ne6 25. Rd7 b5 26. Qf3 1-0

[Event "CZE-chT2B 1819"]
[Site "Czech Republic"]
[Date "2018.11.04"]
[Round "2.4"]
[White "Tichy, Stepan"]
[Black "Kozak, Milos"]
[Result "1/2-1/2"]
[WhiteElo "2222"]
[BlackElo "2201"]
[PlyCount "42"]
[EventDate "2018.10.14"]
[EventType "team-tourn"]
[EventRounds "11"]
[EventCountry "CZE"]
[SourceTitle "EXT 2022"]
[Source "ChessBase"]
[SourceDate "2021.10.06"]
[SourceVersion "1"]
[SourceVersionDate "2021.10.06"]
[SourceQuality "1"]
[WhiteTeam "Karlovy Vary Tietz"]
[BlackTeam "Litomerice"]
[WhiteTeamCountry "CZE"]
[BlackTeamCountry "CZE"]

1. d4 Nf6 2. Nf3 e6 3. Bf4 d5 4. e3 c5 5. c3 Nc6 6. Nbd2 Bd6 7. Bg3 0-0 8. Bd3 b6 9. Qe2 Bb7 10. 0-0 Bxg3 11. hxg3 Qe7 12. Bb5 a6 13. Bxc6 Bxc6 14. b3 Rfc8 15. a4 cxd4 16. exd4 a5 17. Rfc1 Bb7 18. Ne5 Ba6 19. Qe3 Rc7 20. Ra2 Rac8 21. Rac2 Qa3 1/2-1/2

[Event "CZE-chT2B 1819"]
[Site "Czech Republic"]
[Date "2018.10.14"]
[Round "1.4"]
[White "Hlavacek, Tomas"]
[Black "Tichy, Stepan"]
[Result "0-1"]
[WhiteElo "2044"]
[BlackElo "2222"]
[PlyCount "126"]
[EventDate "2018.10.14"]
[EventType "team-tourn"]
[EventRounds "11"]
[EventCountry "CZE"]
[SourceTitle "EXT 2022"]
[Source "ChessBase"]
[SourceDate "2021.10.06"]
[SourceVersion "1"]
[SourceVersionDate "2021.10.06"]
[SourceQuality "1"]
[WhiteTeam "Karlovy Vary Tietz II"]
[BlackTeam "Karlovy Vary Tietz"]
[WhiteTeamCountry "CZE"]
[BlackTeamCountry "CZE"]

1. Nf3 d5 2. d4 c6 3. e3 Bf5 4. c4 e6 5. Qb3 Qb6 6. c5 Qxb3 7. axb3 Bxb1 8. Rxb1 Nd7 9. b4 a6 10. Bd2 Be7 11. Bd3 f5 12. Ra1 Rc8 13. h4 h6 14. Bc3 Ngf6 15. Ne5 Nxe5 16. dxe5 Nd7 17. Ke2 Kf7 18. g3 g6 19. f3 Bf8 20. Kf2 Bg7 21. f4 Rcg8 22. Rh2 Bf8 23. Be2 g5 24. hxg5 hxg5 25. Rah1 Rxh2+ 26. Rxh2 g4 27. Rh1 a5 28. bxa5 Nxc5 29. Kg2 Ne4 30. Bd3 Nc5 31. Be2 Kg7 32. Bb4 Rh8 33. Rxh8 Kxh8 34. Bxc5 Bxc5 35. Kf2 Kg7 36. b3 Kf7 37. Bd3 Ke7 38. Ke2 Kd7 39. Kf2 Kc7 40. Ke2 Bb4 41. a6 b5 42. Kd1 Kb6 43. Bc2 Kxa6 44. Ke2 Ka5 45. Bd1 Bc5 46. Bc2 Kb4 47. Kd3 Ka3 48. Bd1 Kb2 49. Kd2 Bb4+ 50. Kd3 Bc5 51. Kd2 b4 52. Be2 Kxb3 53. Ba6 Ka2 54. Bc8 b3 55. Bxe6 b2 56. Bxf5 Bb4+ 57. Ke2 c5 58. Bc2 b1Q 59. Bxb1+ Kxb1 60. f5 Bc3 61. e6 Bf6 62. e4 dxe4 63. Ke3 c4 0-1

[Event "CZE-chT2A 1718"]
[Site "Czech Republic"]
[Date "2017.12.17"]
[Round "5.2"]
[White "Tichy, Stepan"]
[Black "Neuman, Petr"]
[Result "0-1"]
[WhiteElo "2197"]
[BlackElo "2440"]
[PlyCount "78"]
[EventDate "2017.10.15"]
[EventType "team-tourn"]
[EventRounds "11"]
[EventCountry "CZE"]
[SourceTitle "EXT 2022"]
[Source "ChessBase"]
[SourceDate "2021.10.06"]
[SourceVersion "1"]
[SourceVersionDate "2021.10.06"]
[SourceQuality "1"]
[WhiteTeam "Karlovy Vary Tietz"]
[BlackTeam "Kozolupy"]
[WhiteTeamCountry "CZE"]
[BlackTeamCountry "CZE"]

1. Nf3 d6 2. d4 Bg4 3. g3 Bxf3 4. exf3 d5 5. Bg2 e6 6. 0-0 Nf6 7. f4 c6 8. b3 Be7 9. Bb2 0-0 10. c4 Nbd7 11. c5 b6 12. b4 a5 13. a3 Ra7 14. Nd2 Qa8 15. Qe2 Rb8 16. Bc3 Ne8 17. f5 Nc7 18. Bh3 Nf8 19. cxb6 Rxb6 20. bxa5 Rb8 21. fxe6 Nfxe6 22. Bxe6 Nxe6 23. Rfb1 Rab7 24. Rxb7 Rxb7 25. Rb1 Rxb1+ 26. Nxb1 Bd8 27. Qe1 g6 28. h4 Bf6 29. Nd2 c5 30. Nf3 Qb7 31. Ng5 cxd4 32. Bb4 Qc6 33. Nxe6 fxe6 34. f4 Kf7 35. Qb1 Qc4 36. Bd6 d3 37. Qb7+ Ke8 38. Be5 d2 39. Qb8+ Bd8 0-1

[Event "Tatry op"]
[Site "Tatranska Lomnica"]
[Date "2017.10.15"]
[Round "9"]
[White "Huttner, Milos"]
[Black "Tichy, Stepan"]
[Result "0-1"]
[WhiteElo "2033"]
[BlackElo "2197"]
[PlyCount "54"]
[EventDate "2017.10.08"]
[EventType "swiss"]
[EventRounds "9"]
[EventCountry "SVK"]
[SourceTitle "CBM 181 Extra"]
[Source "ChessBase"]
[SourceDate "2017.12.12"]
[SourceVersion "1"]
[SourceVersionDate "2017.12.12"]
[SourceQuality "1"]

1. e4 e6 2. d4 d5 3. Nc3 Be7 4. Nf3 Nf6 5. Bd3 b6 6. 0-0 0-0 7. Qe2 c6 8. e5 Nfd7 9. Nd1 a5 10. b3 a4 11. bxa4 Rxa4 12. c3 Ra7 13. Nd2 Ba6 14. c4 dxc4 15. Nxc4 b5 16. Qe4 g6 17. Ncb2 b4 18. Bh6 Re8 19. Ne3 Bb7 20. Qf4 c5 21. Ng4 Nc6 22. Nc4 Nxd4 23. Nf6+ Nxf6 24. exf6 Bxf6 25. Nd6 e5 26. Nxb7 exf4 27. Nxd8 Rxd8 0-1